000 00544nam a2200205Ia 4500
005 20250508164448.0
008 008 250505s9999 xx 000 0 eng d
037 _aTextBook
040 _aFEDL
_beng
_cFEDL
041 _aeng
_2eng
084 _a300.1, GAU/R
_qFEDL
100 _aGautam Satya Paul
_9778203
245 0 _aSamajadarsion
260 _aChandigarh, India
_bSahitya Academi
_c1991
300 _a164p.
365 _aINR
_b40
650 _aSocial sciences
942 _cTB
_h300.1, GAU/R
999 _c1389257
_d1389257